00181nam a2200085Ia 4500008004100000041000800041100001900049245001800068260000900086240625s9999 xx 000 0 und d aeng aJAFFE EUGENE D aBARRON S GMAT c2013